header

Orwell and Marxism (Record no. 164981)

MARC details
000 -LEADER
fixed length control field 01491nam a2200337Ia 4500
100 1# - MAIN ENTRY--AUTHOR NAME
Personal name Bounds, Philip.
245 10 - TITLE STATEMENT
Title Orwell and Marxism
260 ## - PUBLICATION, DISTRIBUTION, ETC. (IMPRINT)
Place of publication London :
Name of publisher I. B. Tauris,
Year of publication 2009.
300 ## - PHYSICAL DESCRIPTION
Number of Pages 253 p.
490 1# - SERIES STATEMENT
Series statement International library of cultural studies ;
650 #0 - SUBJECT ADDED ENTRY--TOPICAL TERM
Topical Term Politics and literature
Topical Term Communism and literature
856 40 - ELECTRONIC LOCATION AND ACCESS
Uniform Resource Identifier http://site.ebrary.com/lib/rucke/Doc?id=10333416

No items available.

© 2026 Rongo University
Contact us: librarian | system librarian | Rongo university